Famous Italians #2 - Statistics

General Stats
  • This quiz has been taken 223 times
    162 since last reset
  • The average score is 9 of 22
Answer Stats
Clue Italian % Correct
Opera composer of "Aida" and "Rigoletto" Giuseppe Verdi
68%
Tyrannic Emperor who murdered his mother Agrippine Nero
68%
"The Birth of Venus" painter Sandro Botticelli
68%
Director of "La Dolce Vita" Federico Fellini
67%
Fashion designer assassinated in 1997 Gianni Versace
67%
"Redshirts" leader who unified Italy Giuseppe Garibaldi
65%
Violin maker who died in 1737 Antionio Stradivari
63%
Roman Emperor who made his horse senator Caligula
63%
Orator in the waning days of the Roman Republic Cicero
49%
Venetian womanizer Giacomo Casanova
49%
Inventor of the electrical battery Alessandro Volta
48%
PM assassinated by the Red Brigades Aldo Moro
37%
Opera buffa composer of "The Barber of Seville" Gioachino Rossini
35%
Italy's leading World Cup goalscorer Roberto Baggio
30%
Most famous Venetian Renaissance painter Titian
28%
Painter of elongated figures Amedeo Modigliani
27%
"Great" pope who met Attila the Hun Leo I
27%
Notorious Queen said to have started the St. Bartholomew massacre Catherine de' Medici
24%
"Blue Velvet" actress Isabella Rossellini
23%
13th century philosopher who was "Doctor of the Church" Thomas Aquinas
18%
Former F1 and NASCAR-winning driver Mario Andretti
12%
Discovered electric signals on dead frogs Luigi Galvani
11%
No matching quizzes found
Score Distribution
Percent of People with Each Score
Percentile by Number Answered
Your Score History
You have not taken this quiz since the last reset